Statistics for Movie Characters A-Z

Click here to take the quiz!

General Stats

  • This quiz has been taken 33,431 times
  • The average score is 18 of 26

Answer Stats

Clue Character % Correct
FShrek's girlfriendFiona
94%
HFamous movie cannibalHannibal Lecter
92%
NMarlin and Dory tried to
find him
Nemo
91%
JPrincess from AladdinJasmine
88%
WEmployer of Oompa-LoompasWilly Wonka
88%
CEvil doll of horror moviesChucky
87%
GMiddle Earth wizardGandalf
85%
MWent back to the futureMarty McFly
84%
LEnemy of SupermanLex Luthor
83%
ZMask-wearing swordsman of
Spanish California
Zorro
83%
DWearer of ruby slippersDorothy Gale
81%
USea witch of "The Little Mermaid"Ursula
80%
AInternational man of mysteryAustin Powers
77%
YWhen 900 years old you reach,
look as good you will not
Yoda
76%
ROne of the droids you're
not looking for
R2-D2
70%
OLeader of the AutobotsOptimus Prime
69%
BHad a bogus journeyBill S.
Preston, Esq.
57%
KHad en epic voyage to
White Castle
Kumar Patel
55%
QThe hunchback of Notre DameQuasimodo
55%
PKatniss's younger sisterPrimrose Everdeen
54%
EJacob Black's romantic rivalEdward Cullen
48%
SSouthern belle portrayed
by Vivien Leigh
Scarlett O'Hara
48%
VShe was the Pretty WomanVivian Ward
48%
TFriend of Neo and MorpheusTrinity
42%
IYou killed his father,
prepare to die
Inigo Montoya
39%
XLuna Lovegood's dadXenophilius
Lovegood
36%

Score Distribution

Percentile by Number Answered

Percent of People with Each Score

Your Score History

You have not taken this quiz